Euskadi 1: Geografía de Bizkaia - Estadísticas

Estadísticas generales
  • Esta prueba ha sido intentada 146 veces
    135 desde el último reinicio
  • La puntuación promedio es 9 de 20
Estadísticas de respuestas
Pregunta Respuesta % Correcto
¿Cuál de los siguientes municipios tiene costa? Ispaster
77%
¿Cuál es el municipio que está más al norte de Bizkaia? Bermeo
68%
¿Por qué municipio NO se extienden los terrenos del aeropuerto de Loiu? Bilbao
65%
¿En qué municipio está situada la planta de Petronor, además de en Muskiz? Abanto-Zierbena
58%
¿Cuál de los siguientes municipios NO limita con Erandio? Sopela
58%
¿Cuál de los siguientes municipios NO limita con Morga? Busturia
54%
¿Cuál de los siguientes municipios NO está situado en la comarca de las Encartaciones? Alonsotegi
53%
¿En qué municipio desemboca el río Asua en la ría de Bilbao? Erandio
50%
¿Cuál es el municipio que está más al este de Bizkaia? Ondarroa
50%
¿Cuál es el municipio con menor población de Bizkaia? (Datos de 2022) Arakaldo
49%
¿Por qué municipio se pasa para ir del Ayuntamiento de Ispaster al Ayuntamiento de Lekeitio en coche? Ninguno
41%
¿En qué municipio está situado el monte Anboto? Atxondo
36%
¿En qué municipio está situado el monte más alto de Bizkaia? Zeanuri
35%
¿Cuál es el segundo municipio más extenso de Bizkaia? Orozko
32%
¿Por qué municipios fluye el río Gobela? Sopela, Berango, Getxo y Leioa
32%
¿Qué municipio de los siguientes NO cuenta con un parque de bomberos? Bermeo
31%
¿En qué municipios de Bizkaia tiene parte de sus aguas situadas el embalse de Urrunaga? Dima y Otxandio
29%
¿Cuál de los siguientes conjuntos de municipios es el que limita con Lezama? Larrabetzu, Zamudio, Gamiz-Fika y Galdakao
26%
¿Cuáles de los siguientes municipios limitan entre sí? Mendata y Aulesti
23%
¿Qué municipio de los siguientes NO cuenta con un hospital? Galdakao
7%
No se encontraron pruebas coincidentes
Distribución de puntuación
Porcentaje de gente con cada puntuación
Porcentaje por número respondido
Historial de tus puntuaciones
No has intentado esta prueba desde el último reinicio